Sông ngòi Việt Nam Tập 2 Phần từ Hoàng Sơn trở vào Nam

Giới thiệu khái quát các đặc trưng hình thái, dòng chảy cơ bản của sông ngòi Việt Nam phần từ Hoành Sơn trở vào Nam. Một số vấn đề địa lý thuỷ văn sông và một vài hệ thống sông chính

Сохранить в:
Библиографические подробности
Главный автор: Nguyễn Văn Âu (b.s)
Другие авторы: Nguyễn Cao Phương (b.t)
Формат:
Язык:Vietnamese
Опубликовано: H. Giáo dục 1983
Предметы:
Метки: Добавить метку
Нет меток, Требуется 1-ая метка записи!
Thư viện lưu trữ: Mạng thư viện Đại học Đà Nẵng
LEADER 01526nam a2200385 4500
001 000008870
003 5063
005 20111021151023.0
008 111021s1983 viesd
041 0 |a vie 
082 |a 551.48597  |b Sôn 
100 0 |a Nguyễn Văn Âu 
245 1 0 |a Sông ngòi Việt Nam  |c Nguyễn Văn Âu b.s;b.t: Nguyeẽn Cao Phương  |n Tập 2  |p Phần từ Hoàng Sơn trở vào Nam 
260 |a H.  |b Giáo dục  |c 1983 
300 |a 81 tr  |b minh hoạ  |c 21 cm 
504 |a Thư mục:tr.79 
520 |a Giới thiệu khái quát các đặc trưng hình thái, dòng chảy cơ bản của sông ngòi Việt Nam phần từ Hoành Sơn trở vào Nam. Một số vấn đề địa lý thuỷ văn sông và một vài hệ thống sông chính 
653 |a Sông ngòi 
653 |a địa lý thuỷ văn 
653 |a giáo trình 
653 |a Việt Nam 
700 |a Nguyễn Cao Phương  |e b.t 
700 |a Nguyễn Văn Âu  |e b.s 
773 |t Sông ngòi Việt Nam  |w 5055 
910 |a quỳnh  |d 21/10/2011 
OWN |a LSP 
AVA |a UDN50  |b LSP  |d 551.48597 Sôn  |e unavailable  |t Error 5002 Not defined in file expand_doc_bib_avail.  |f 1  |g 1  |h N  |i 0  |k 1 
999 |a From the UDN01 
AVA |a UDN50  |b LSP  |d 551.48597 Sôn  |e unavailable  |t Error 5002 Not defined in file expand_doc_bib_avail.  |f 1  |g 1  |h N  |i 0  |k 1 
TYP |a Monograph 
TYP |a Printed language 
980 |a Mạng thư viện Đại học Đà Nẵng